000 00466nam a2200181Ia 4500
005 20250603145152.0
008 250603s9999 xx 000 0 und d
020 _a81-224-1821-X
050 _aTJ 213 .M36/
100 _aMandal, Ajit K.
245 0 _aIntroduction to control engineering : modeling analysis and design
260 _aNew delhi
260 _bNew Age Int. Publishers
260 _c2006
300 _a612 p
650 _aNew delhi
942 _cBK
999 _c41075
_d41075